Latin City Names - Statistics

General Stats
  • This quiz has been taken 716 times
  • The average score is 6 of 15
Answer Stats
Latin name Modern name % Correct
Napoli Naples
99%
Londinium London
97%
Lutetia Paris
67%
Aquae Sulis Bath
65%
Barcino Barcelona
64%
Mediolanum Milan
51%
Toletum Toledo
47%
Colonia Claudia Ara Agrippinensium Cologne
37%
Vindobona Vienna
30%
Augusta Treverorum Trier
20%
Lentia Linz
8%
Emona Ljubljana
7%
Turicum Zürich
7%
Iuvavum Salzburg
6%
Argentorate Strasbourg
6%
No matching quizzes found
Score Distribution
Percent of People with Each Score
Percentile by Number Answered
Your Score History
You have not taken this quiz